000 00349nam a2200145Ia 4500
005 20251222144827.0
008 251222s9999||||xx |||||||||||||| ||spa||
020 _a9972-738-13-2
082 _a343.04/G14
100 _aGalindo Villamizar, Andrés
245 0 _aRégimen Tributario Peruano:
250 _a2a.ed.
264 _bLegis
942 _cLIB
999 _c20724
_d20724